Biathlon Wertungen Frauen 25/26 - Statistiken

Allgemein
  • Dieses Quiz wurde 18 mal gespielt
  • Das Durchschnittsergebnis liegt bei 35 aus 40
Antwortstatistiken
# Einzel % Korrekt
3 Elvira Öberg
100%
4 Elvira Öberg
100%
5 Elvira Öberg
100%
6 Elvira Öberg
100%
4 Hanna Öberg
100%
2 Hanna Öberg
100%
3 Hanna Öberg
100%
6 Julia Simon
100%
9 Julia Simon
100%
1 Julia Simon
100%
1 Lou Jeanmonnot
100%
1 Lou Jeanmonnot
100%
1 Lou Jeanmonnot
100%
4 Lou Jeanmonnot
100%
9 Océane Michelon
100%
10 Océane Michelon
100%
3 Océane Michelon
100%
5 Suvi Minkkinen
93%
2 Suvi Minkkinen
93%
10 Suvi Minkkinen
93%
10 Camille Bened
86%
7 Camille Bened
86%
5 Dorothea Wierer
86%
10 Dorothea Wierer
86%
7 Lisa Vittozzi
86%
3 Lisa Vittozzi
86%
4 Lisa Vittozzi
86%
2 Lisa Vittozzi
86%
2 Anna Magnusson
79%
7 Anna Magnusson
79%
6 Anna Magnusson
79%
8 Anna Magnusson
79%
8 Maren Kirkeeide
79%
8 Maren Kirkeeide
79%
9 Maren Kirkeeide
79%
8 Justine Braisaz-Bouchet
71%
7 Justine-Braisaz Bouchet
71%
6 Tereza Vobornikova
50%
5 Tereza Vobornikova
50%
9 Paulina Batovska Fialkova
36%
Keine übereinstimmenden Quizze gefunden
Verteilung der Resultate
Anzahl Personen mit jedem Resultat
Perzentil nach korrekt beantworteten Fragen
Ihre Resultats-Entwicklung
Sie haben dieses Quiz noch nicht gespielt